| 000 | 00664nam a2200181 a 4500 | ||
|---|---|---|---|
| 001 | 000039965 | ||
| 005 | 20201002033834.0 | ||
| 008 | 130801s1963 ag ac 000 0 spa d | ||
| 040 |
_aDO-SdBNP _bspa _cBNPHU |
||
| 082 | _axxx | ||
| 100 | 1 |
_aKorngold, Ralph _966181 |
|
| 240 | 1 | 0 |
_aThe last years of napoleon, His captivity on St. Helena _lespañol |
| 245 | 1 | 4 |
_aLos últimos años de Napoleon : _b(Su cautiverio en Santa Elena) / _cRalph Korngold ; traducción Federico López Cruz. |
| 250 | _a2a ed. | ||
| 260 |
_aBuenos Aires, Argentina : _bEdiciones selectas, _c1963. |
||
| 300 |
_a351 p. : _bil., retrs. ; _c21 cm. |
||
| 700 | 1 |
_aLópez Cruz, Federico, _etr. _966182 |
|
| 999 |
_c39455 _d39455 |
||